00470 2200205 4500001002100000005001500021035002000036007000300056008004100059020002200100082000800122084001400130100001200144245001500156250001000171260003500181300002200216650001700238990000900255INLIS00000000000128520180122115821 a0010-0118000103ta180122 g f ind  a978-602-391-118-9 a813 a813 DAN a0 aDanarto1 aAsmaraloka aCet.1 aYogyakarta :bDIVAPress,c2016 a360hlm ;c14x20cm aNovel, Fiksi a5437